Bases de la química ógarnica industrial: un curso en transparencias
Uloženo v:
| Hlavní autoři: | , , |
|---|---|
| Médium: | Kniha |
| Jazyk: | španělština |
| Vydáno: |
Valencia
Universidad Politécnica de Valencia
2005
|
| Témata: | |
| Tagy: |
Přidat tag
Žádné tagy, Buďte první, kdo vytvoří štítek k tomuto záznamu!
|
MARC
| LEADER | 00000nam a2200000 a 4500 | ||
|---|---|---|---|
| 001 | UCK7843 | ||
| 003 | CL-VaPUC | ||
| 008 | 051216e20050000SP |||||||||||||||||spa|d | ||
| 020 | |a 8497058313 | ||
| 082 | 0 | 4 | |a 547 |b CLI |2 21 |
| 100 | 0 | |a Climent, María José |e author |9 497506 | |
| 700 | 0 | |a García, Hermenegildo |e author |9 497507 | |
| 700 | 0 | |a Iborra, Sara |e author |9 497508 | |
| 245 | 1 | 0 | |a Bases de la química ógarnica industrial: un curso en transparencias |
| 300 | |a 132 p | ||
| 942 | |c BK | ||
| 945 | |d 20051216 00:00:00 |a jtorresc | ||
| 260 | |a Valencia |b Universidad Politécnica de Valencia |c 2005 | ||
| 650 | 0 | |a Química orgánica |9 259426 | |
| 650 | 7 | |a COMPUESTOS ORGANICOS |2 CL-VaPUC |9 306788 | |
| 650 | 7 | |a HIDROCARBUROS |2 CL-VaPUC |9 344783 | |
| 650 | 7 | |a FENOLES |2 CL-VaPUC |9 344787 | |
| 650 | 7 | |a CETONAS |2 CL-VaPUC |9 344785 | |
| 650 | 0 | |a Alcoholes |9 257199 | |
| 650 | 0 | |a Alquenos |9 461013 | |
| 650 | 0 | |a Alquinos |9 469167 | |
| 650 | 7 | |a ETERES |2 CL-VaPUC |9 348287 | |
| 583 | |a last modification |c 20051216 00:00:00 |k Rodrigo Vera | ||
| 999 | |c 315683 |d 315681 | ||
| 952 | |0 0 |1 0 |4 0 |6 547_000000000000000_CLI_2005 |7 0 |8 A |9 389279 |a BIBCUR |b BIBCUR |d 2019-11-22 |i 4193423 |l 1 |m 2 |o 547 CLI 2005 |p 4193423 |r 2025-04-22 |s 2022-09-01 |w 2019-11-22 |y BK |k QUI | ||
| 952 | |0 0 |1 0 |4 0 |6 547_000000000000000_CLI_2005 |7 0 |8 A |9 389280 |a BIBCUR |b BIBCUR |d 2019-11-22 |i 4193431 |o 547 CLI 2005 |p 4193431 |r 2025-04-22 |w 2019-11-22 |y BK |k QUI | ||